000 00730nam a22002297a 4500
005 20260408163644.0
008 260408b |||||||| |||| 00| 0 eng d
020 _a9789387067974
040 _cAL
041 _aEnglish
082 _a658.4052
_bRAIN
100 _aHimanshu Rai
_9260951
245 _aNegotiation
260 _aChennai
_bMcGraw Hill Education (India) Private Limited
_c2018
300 _axiv,245p.
_bPB
_c24x18cm
365 _aVBI-2645
_b₹697.50
_c
_d₹930.00
_e25%
_f20-02-2026
650 _aBusiness Management
_9260952
650 _aCommunication in negotiation
_9260953
650 _aOrganizational Behaviour
_9260954
650 _aConflict Management and Negotiation Skills
_9260955
942 _2ddc
_cBK
999 _c241189
_d241189